Vybrané metódy a techniky navrhovania robotických systémov habilitačná práca

Salvato in:
Dettagli Bibliografici
Autore principale: Daneshjo, Naqibullah, 1964-
Natura: Libro
Lingua:slovacco
Pubblicazione: Košice Strojnícka fakulta Technickej univerzity v Košiciach 2008
Soggetti:
Tags: Aggiungi Tag
Nessun Tag, puoi essere il primo ad aggiungerne!!

MARC

LEADER 00000nam a2200000 4500
001 0189038
005 20240502073210.2
020 |a 978-80-553-0029-0 
041 0 |a slo 
044 |a SK 
245 1 0 |a Vybrané metódy a techniky navrhovania robotických systémov  |b habilitačná práca  |c Naqib Daneshjo 
264 1 |a Košice  |b Strojnícka fakulta Technickej univerzity v Košiciach  |c 2008 
300 |a 70 s. 
610 2 0 |a výroba strojárska 
610 2 0 |a roboty priemyselné 
610 2 0 |a modelovanie 
610 2 0 |a CIM 
100 1 |a Daneshjo, Naqibullah, 1964-